Reading and the middle school student : (Record no. 13813)

000 -LEADER
fixed length control field 00724nam a22002057a 4500
008 - FIXED-LENGTH DATA ELEMENTS--GENERAL INFORMATION
fixed length control field 160919b xxu||||| |||| 00| 0 eng d
020 ## - INTERNATIONAL STANDARD BOOK NUMBER
International Standard Book Number 0205163793
020 ## - INTERNATIONAL STANDARD BOOK NUMBER
International Standard Book Number 9780205163793
050 ## - LIBRARY OF CONGRESS CALL NUMBER
Classification number LD 1573
Item number .I73 1997
100 ## - MAIN ENTRY--PERSONAL NAME
Personal name Irvin,Judith L.
245 ## - TITLE STATEMENT
Title Reading and the middle school student :
Remainder of title strategies to enhance literacy/
Statement of responsibility, etc. Judith L. Irvin
250 ## - EDITION STATEMENT
Edition statement 2nd ed.
260 ## - PUBLICATION, DISTRIBUTION, ETC. (IMPRINT)
Place of publication, distribution, etc. Boston :
Name of publisher, distributor, etc. Allyn and Bacon ,
Date of publication, distribution, etc. c1998.
300 ## - PHYSICAL DESCRIPTION
Extent x, 277p. :
Other physical details ill. ;
500 ## - GENERAL NOTE
General note Includes index and references.
650 ## - SUBJECT ADDED ENTRY--TOPICAL TERM
Topical term or geographic name as entry element Reading (elementary)
General subdivision United states.
650 ## - SUBJECT ADDED ENTRY--TOPICAL TERM
Topical term or geographic name as entry element Reading (middle school)
General subdivision United states.
650 ## - SUBJECT ADDED ENTRY--TOPICAL TERM
Topical term or geographic name as entry element Content area reading
General subdivision United states.
942 ## - ADDED ENTRY ELEMENTS (KOHA)
Source of classification or shelving scheme
Koha item type Hard Covered Materials
Classification part LD 1573 .I73 1997
Holdings
Withdrawn status Lost status Source of classification or shelving scheme Damaged status Not for loan Home library Current library Shelving location Date acquired Source of acquisition Total Checkouts Full call number Barcode Date last seen Price effective from Koha item type
          MACHAKOS UNIVERSITY LIBRARY MACHAKOS UNIVERSITY LIBRARY Open shelf 19/09/2016 Donation(BFA)   LD 1573 .I73 1997 20853 19/09/2016 19/09/2016 Hard Covered Materials
© Machakos University Library, Along The Highway, Machakos Wote Rd, Machakos, Kenya P.O. Box 136 - 90100 Machakos - Kenya

Tel: ( +254 ) 723 805829 OR Fax : 044-20353 OR Email: library@mksu.ac.ke